000 00432nam a22001457a 4500
005 20180721104113.0
020 _a8175345349
_c225.00
035 _aB-220654, B-220651
037 _aDPL
_bENG
100 _aGafoor, K A Abdul
245 _aLaw of private defence /
_cby K A Abdul Gafoor
260 _aNew Delhi
_bUniversal Law Publishing Co.
_c2006
300 _aix, 172p.
_c20 cms.
942 _2ddc
_cEN
_h345.5404
_mABD
999 _c67483
_d67483